Paul Valéry : (Record no. 150436)

MARC details
000 -LEADER
campo de control de longitud fija 00757nam a2200217 i 4500
001 - NÚMERO DE CONTROL
campo de control 150436
003 - IDENTIFICADOR DE NÚMERO DE CONTROL
campo de control ES-MaACL
005 - FECHA Y HORA DE LA ÚLTIMA TRANSACCIÓN
campo de control 20260610142459.0
007 - CAMPO FIJO DE DESCRIPCIÓN FÍSICA--INFORMACIÓN GENERAL
campo de control de longitud fija t|
008 - DATOS DE LONGITUD FIJA--INFORMACIÓN GENERAL
campo de control de longitud fija 071030s1945 dr ||||1| spa d
100 1# - ENTRADA PRINCIPAL--NOMBRE DE PERSONA
Nombre de persona Valéry, Paul,
Fechas asociadas al nombre 1871-1945
9 (RLIN) 243197
245 10 - MENCIÓN DEL TÍTULO
Título Paul Valéry :
Resto del título edición homenaje al insigne poeta francés incluyendo su poema "Le cimetière marin" y un estudio de Rafael Díaz Niese.
260 ## - PUBLICACIÓN, DISTRIBUCIÓN, ETC.
Lugar de publicación, distribución, etc. Ciudad Trujillo :
Nombre del editor, distribuidor, etc. [s.n.],
Fecha de publicación, distribución, etc. 1945.
300 ## - DESCRIPCIÓN FÍSICA
Extensión 23 p. :
Otras características físicas il. ;
Dimensiones 31 cm.
490 1# - MENCIÓN DE SERIE
Mención de serie Cuadernos dominicanos de cultura
600 10 - PUNTO DE ACCESO ADICIONAL DE MATERIA--NOMBRE DE PERSONA
Nombre de persona Valéry, Paul,
Fechas asociadas al nombre 1871-1945
9 (RLIN) 243197
700 1# - ENTRADA AGREGADA--NOMBRE PERSONAL
Nombre de persona Díaz Niese, Rafael.
9 (RLIN) 44371
830 1# - PUNTO DE ACCESO ADICIONAL DE SERIE-TÍTULO UNIFORME
Título uniforme Cuadernos dominicanos de cultura
9 (RLIN) 221143
852 ## - LOCALIZACIÓN
Ubicación ES-MaACL
Número de control de estantería 1765-F-30
Holdings
Estatus retirado Estado de pérdida Estado de daño No para préstamo Colección Biblioteca de origen Biblioteca actual Ubicación en estantería Fecha de adquisición Fuente de adquisición Total de préstamos Signatura topográfica completa Código de barras Visto por última vez Precio de reemplazo Tipo de ítem Koha
        Colección de folletos Biblioteca del Ateneo de Madrid Biblioteca del Ateneo de Madrid Depósito folletos 17/01/2008     1765-F-30 1156978 23/02/2023 23/02/2023 Folleto